000
00212 a2200097 4500
001
27657
100
_a
245
_a
New Hutchinson 20th century encyclopedia
260
_a
_b
Hutchinson
_c
090
_c
18426
_d
18426
942
_a
NUST-CAE
_c
M
_c
9365
999
_c
262730
_d
262730